000
00310nam a2200121Ia 4500
008
190216s9999||||xx |||||||||||||| ||und||
100
_a
University Of Kerala
245
0
_a
Kavyakairali Vol 2 (part 1)
260
_b
Superintendent Department Of Pub
_c
1967
300
_a
116p
650
_a
Kavithkal
942
_c
BK
999
_c
25764
_d
25764